Minecraft Wool Colors - Statistics

General Stats
  • This quiz has been taken 141 times
  • The average score is 15 of 16
Answer Stats
Answer % Correct
White
100%
Black
99%
Blue
99%
Red
99%
Green
98%
Yellow
98%
Orange
97%
Pink
97%
Purple
97%
Gray
94%
Lime
90%
Light Blue
89%
Magenta
89%
Cyan
85%
Light Gray
85%
Brown
81%
No matching quizzes found
Score Distribution
Percent of People with Each Score
Percentile by Number Answered
Your Score History
You have not taken this quiz